1462 1097 1104 1369 1472 1692 1653 1488 1583 1772 1571 1560 1121 1518 1785 1053 1508 1423 1129 1345 1039 1475 1499 1037 1218 1572 1548 1493 1650 1577 1131 1681 1783 1251 1896 1515 1633 1628 1953 1213 1475 1960 1917 1692 1463 1000 1901 1234 1785 1596 1081 1616 1100 1846 1910 1223 1844 1408 1635 1326 1369 1692 1008 1953 1411 1474 1659 1207 1334 1812 1112 1629 1217 1716 1136 1950 1369 1774 1567 1171 1275 1470 1735 1694 1730 1313 1541 1798 1979 1611 1555 1619 1202 1302 1119 1747 1119 1329 1894 BCNSPRNW ULIB Ver.6.0+V

เปลี่ยนเป็นภาษาไทย

Change to English
 แสดงรายละเอียดบรรณานุกรม
  กลับหน้าหลัก

Brief Record : Get Marc (ISO 2709) : E-mail record : QR code < ปิดหน้าต่าง
LEADER : 00000nam 2200000uu 4500
001    13399114045
003     ULIB
008    120203s2550||||th 000 0 tha d
020    ^a9789744120410
060  0 ^aQU4^bภ179ศ
100 0  ^aภรณี หงษ์ประพันธ์
245 10 ^aศัพท์เคมี/^cภรณี หงษ์ประพันธ์
260    ^aกรุงเทพฯ :^bแม็ค,^c2550
300    ^a216 หน้า
650  7 ^aศัพท์^xเคมี
650  7 ^aเคมี
945    ^p55^l0^i14330
995    ^aกัณชพร
999 ^a ใช้งานได้ทุกระบบ
รายการนี้ยังไม่มีแท็ก
คุณยังไม่ได้ล็อกอิน คุณสามารถมีกิจกรรมร่วมกับเว็บไซต์ได้ แต่ต้องล็อกอินก่อน ::
  ล็อกอิน

รายการสื่อสารสนเทศ

ลำดับที่ ประเภท เลขเรียก/บาร์โค้ด สถานที่ สถานะ
- ไม่พบข้อมูล -

รายการใกล้เคียง
    หัวเรื่อง [เคมี]

BibComment


ยังไม่เคยถูกคอมเมนท์

คอมเมนท์ทรัพยากรรายการนี้
  คอมเมนท์: ศัพท์เคมี ภรณี ..


 Copyright 2026. Bcnsprnw @Library